000 01198nam a22001937a 4500
003 DO-SdBNP
005 20171124150735.0
008 171124b xx a ||||| |||| 00| 0 spa d
040 _aBPMSU
_bspa
_cBPMSU
092 _axxxx
_bxxxx
100 1 _a McCan, Robert L.
245 1 0 _aReseña de la economía de los Estados Unidos /
_ctexto escrito por Robert L. MacCan.
260 _a[México] :
_bServicio Informativo y Cultural de los Estados Unidos de América, 198?
_c [1981?]
300 _a143 p. :
_bil. ;
_c21 cm.
505 0 _t1. Perspectiva histórica de la economía Estadounidense.--
_t2. Como funciona la economía de los Estados Unidos: un repaso.--
_t3. El pequeño negocio en el sistema de libre empresa de la EUA.--
_t4. La formación de compañías gigantes.--
_t5. Valores, mercancías y mercados.--
_t6. Servicio o protección al consumidor.--
_t7. El expansivo papel del gobierno.--
_t8. Dinero, banca y política fiscal.--
_t9. La importancia cambiante de la agricultura --
_t10. Aportación de la fuerza laboral --
_t11. Comercio exterior y política económica --
_t12. Comentario final.
942 _2ddc
_cBK
945 _aInventariado 2017 /LP
956 _aLOPEREZ
_b10
_c20171124
_h0041
999 _c13102
_d13102